000 00662nam a2200217 i 4500
001 C2-0109084
003 PPAK
005 20180727102802.0
008 970619s1989 my |||| ||||| | may d
040 _aPPAK
_beng
_cPPAK
_erda
082 0 4 _a334.09595112
_223
090 0 0 _a334.09595112
_bKOP
_dKK
245 0 0 _aKoperasi Bumiputera Kedah Berhad :
_bpenyata tahunan mesyuarat agung kelimabelas
264 1 _aAlor Setar, Kedah :
_bKoperasi Bumiputera Kedah Berhad ,
_c1989
300 _a42 pages ;
_c27 cm
336 _2rdacontent
_atext
337 _2rdamedia
_aunmediated
338 _2rdacarrier
_avolume
650 1 0 _aCooperative societies
942 _ddc
_cB
999 _c27024
_d27024